000 00507nam a2200181Ia 4500
008 100920s9999 xx 000 0 und d
082 _b68736
_a--- 0
100 _aनाईका गुरुनाथ.
245 _aगुलाम राजा.
260 _b---
_c0
300 _a205
_bसाधी
365 _b85
520 _aकादंबरी.
630 _aगुलाम राजा.
650 _aकादंबरी.
730 _aगुलाम राजा.
942 _cBOOK
999 _c710970
_d710967